000 00324nam a22001457a 4500
008 210305b ||||| |||| 00| 0 eng d
020 _a9780321365132
041 _aeng
080 _23third
_a311
082 _2311
100 _a55
101 _aSTA
245 _aElementary Statistics
_cMarion F,Triola
942 _2udc
_cBK
999 _c55835
_d55835